| 000 | 00412nam a22001697a 4500 | ||
|---|---|---|---|
| 999 |
_c2587 _d2587 |
||
| 003 | OSt | ||
| 005 | 20181016182717.0 | ||
| 008 | 181016b ||||| |||| 00| 0 eng d | ||
| 040 | _cDLC | ||
| 082 | _a220 | ||
| 245 | _aBible Book Study For Adult Teachers-Joshua, Judges / | ||
| 260 |
_aNashville, USA : _c1990. |
||
| 300 | _a178 p.: | ||
| 440 | _aAdult Teacher | ||
| 650 | _aJoshua and Judges | ||
| 942 |
_2ddc _cBK |
||